Προσομοίωση συστημάτων διακριτών γεγονότων
Αποθηκεύτηκε σε:
| Κύριοι συγγραφείς: | , |
|---|---|
| Μορφή: | Βιβλίο |
| Γλώσσα: | Greek |
| Δημοσίευση: |
[Χ.τ.] :
Δίσιγμα,
c2016.
|
| Θέματα: | |
| Ετικέτες: |
Προσθήκη ετικέτας
Δεν υπάρχουν, Καταχωρήστε ετικέτα πρώτοι!
|
MARC
| LEADER | 00000cam a2200000 a 4500 | ||
|---|---|---|---|
| 001 | 1/115762 | ||
| 008 | 180131t2016####gr | ||| |||| ||gre|| | ||
| 020 | |a 9789609495837 | ||
| 040 | |a GR-MyUa |b gre |c GR-MyUa |e AACR2 | ||
| 041 | 0 | |a gre | |
| 082 | 7 | |a 003.83 |2 (23) | |
| 100 | 1 | |a Κουϊκόγλου, Βασίλειος Σ. | |
| 245 | 1 | 0 | |a Προσομοίωση συστημάτων διακριτών γεγονότων / |c Βασίλης Κουϊκόγλου, Δημήτριος Κωνσταντάς. |
| 260 | |a [Χ.τ.] : |b Δίσιγμα, |c c2016. | ||
| 300 | |a 360 σ. : |b σχέδια, πίν. ; |c 24 εκ. | ||
| 504 | |a Βιβλιογραφία : σ. 337-338. Ευρετήριο. | ||
| 650 | 0 | |a Discrete-time systems |x Computer simulation. | |
| 700 | 1 | |a Κωνσταντάς, Δημήτρης, |e aut | |
| 852 | |a INST |b CHIOS |c EUDOXUS |e 20200710 |h 003.83 ΚΟΥ |p 005200039998 |q 005200039998 |t EDX |y 0 | ||
| 852 | |a INST |b SAMOS |c EUDOXUS |e 20180131 |h 003.83 ΚΟΥ |p 005300045116 |q 005300045116 |t EDX |y 23 | ||
| 852 | |a INST |b SAMOS |c EUDOXUS |e 20180131 |h 003.83 ΚΟΥ |p 005300045117 |q 005300045117 |t EDX |y 0 | ||
| 852 | |a INST |b SAMOS |c EUDOXUS |e 20180508 |h 003.83 ΚΟΥ |p 005300045424 |q 005300045424 |t EDX |y 0 | ||
| 852 | |a INST |b SAMOS |c EUDOXUS |e 20180508 |h 003.83 ΚΟΥ |p 005300045425 |q 005300045425 |t EDX |y 0 | ||
| 852 | |a INST |b SAMOS |c EUDOXUS |e 20180508 |h 003.83 ΚΟΥ |p 005300045426 |q 005300045426 |t EDX |y 0 | ||
| 852 | |a INST |b SYROS |c EUDOXUS |e 20200514 |h 003.83 ΚΟΥ |p 005500014943 |q 005500014943 |t EDX |y 0 | ||
| 920 | |a Εύδοξος |b Παραγγελία |y Σάμος-ΤΜΠΕΣ |z 2018-01 | ||
| 920 | |a Εύδοξος |b Παραγγελία |y Σάμος-ΤΜΠΕΣ |z 2018-04 | ||
| 920 | |a Εύδοξος |b Παραγγελία |y Σύρος-ΤΜΣΠΣ |z 2020-01 | ||
| 920 | |a Εύδοξος |b Παραγγελία |y Χίος-ΤΜΟΔ |z 03-07-2020 | ||
| 970 | |a Φιλιππή |b Φάλη |z 31-01-2018 | ||